000 00841nam a22002897a 4500
001 BR7703951
003 BR-BrBNA
005 20230928085350.0
007 ta
008 230509b bl.||||| |||| 00| 0 por d
040 _aBR-BrBNA
_bpor
_cBiblioteca Nacional de Agricultura
041 _a(Por)
072 _aA50; F00
_b0120
_b/G514
090 _ 0120 BR7703951
110 1 _aCentro Nacional de Pesquisa de Milho e Sorgo, Sete Lagoas, MG (Brasil)
_91790
245 1 _aEnsaio nacional de milho. Resultados do ano agricola 1976/1977 [Zea mays; Brasil]
260 3 _aSete Lagoas, MG (Brasil):
_c1977.
300 _a50 p.
500 _a45 tables
650 _aPesquisa
650 _aProducao vegetal
650 _aMilho
650 _aPratica cultural
650 _aVariedade
909 _a202309
_bLucia
_c55
_dLucia Elande
942 _cBK
999 _c24039
_d24039